Wszyscy zwycięzcy La Liga - nagła śmierć - Statystyki

Ogólne statystyki
  • Ten quiz został rozwiązany 490 razy
  • Średni wynik to 6 z 9
Answers on the Grid
Answers color-coded by a green-red scale on the quiz's grid according to % correct below.
Espanyol
Real Madryt
Sevilla
Valencia
Celta Vigo
Getafe
Real Sociedad
Levante UD
FC Barcelona
Athletic Bilbao
Villareal
Osasuna
Atletico Madryt
Deportivo La Coruna
Rayo Vallecano
Real Betis
Girona
Mallorca
 
Statystyki odpowiedzi
Odpowiedź % Poprawnych
Real Madryt
100%
FC Barcelona
93%
Atletico Madryt
89%
Valencia
72%
Sevilla
71%
Athletic Bilbao
64%
Deportivo La Coruna
47%
Real Sociedad
45%
Real Betis
43%
Nie znaleziono quizów pasujących do podanych kryteriów
Rozkład punktacji
Procent ludzi z każdym wynikiem
Percentyl według liczby udzielonych odpowiedzi
Twoja historia wyników
Nie rozwiązałeś tego quizu